000 00809nam a2200229Ii 4500
003 JO-AjNU
008 230605s9999||||xx |||||||||||||| ||und||
017 _a2009/9/1717
020 _a9957-16-366-2
040 _aJO-AjNU
_bara
_erda
_cJO-AjNU
041 _aara
050 1 4 _aKMM169.K54.2013
100 3 _a الكيلاني ، محمود ,
_eauthor
_912140
245 0 0 _aموسوعة القضاء المدني : قواعد الإثبات وأحكام التنفيذ
250 _aط1
264 3 1 _aعمان : دار الثقافة ،2010
300 _a319ص
_bيشتمل على مراجع ببلوغرتفية ص(317-319)
336 _atext
_btxt
_2rdacontent
337 _aunmediated
_bn
_2rdamedia
338 _avolume
_bnc
_2rdacarrier
650 4 _aالقانون المدني -- الأردن
_912141
999 _aA2687
_c6255
_d6255